<?xml version="1.0" encoding="UTF-8"?>
<record
    xmlns:xsi="http://www.w3.org/2001/XMLSchema-instance"
    xsi:schemaLocation="http://www.loc.gov/MARC21/slim http://www.loc.gov/standards/marcxml/schema/MARC21slim.xsd"
    xmlns="http://www.loc.gov/MARC21/slim">

  <leader>00769nam a2200181 a 4500</leader>
  <controlfield tag="001">BRCA_1278</controlfield>
  <controlfield tag="005">20190320203347.0</controlfield>
  <controlfield tag="008">140408s1955----mx-a---###---#000-0#spa-#</controlfield>
  <datafield tag="050" ind1=" " ind2="4">
    <subfield code="a">ND1312</subfield>
    <subfield code="b">.A95 1955</subfield>
  </datafield>
  <datafield tag="100" ind1="1" ind2=" ">
    <subfield code="a">Avila Blancas, Luis</subfield>
    <subfield code="9">4075</subfield>
  </datafield>
  <datafield tag="245" ind1="1" ind2="0">
    <subfield code="a">Iconograf&#xED;a o colecci&#xF3;n de retratos al &#xF3;leo que se conserva en la Pinacoteca de la Iglesia de la Profesa</subfield>
    <subfield code="b">pintura mexicana, siglos XVIII y XIX</subfield>
    <subfield code="c">Luis Avila Blancas.</subfield>
  </datafield>
  <datafield tag="260" ind1=" " ind2=" ">
    <subfield code="a">Puebla</subfield>
    <subfield code="b">Arzobispado de M&#xE9;xico</subfield>
    <subfield code="c">1955</subfield>
  </datafield>
  <datafield tag="300" ind1=" " ind2=" ">
    <subfield code="a">193 p.</subfield>
    <subfield code="b">il.</subfield>
    <subfield code="c">17 cm.</subfield>
  </datafield>
  <datafield tag="610" ind1="2" ind2="4">
    <subfield code="a">Iglesia de la Profesa (Ciudad de M&#xE9;xico)</subfield>
    <subfield code="x">Retratos</subfield>
    <subfield code="9">4200</subfield>
  </datafield>
  <datafield tag="610" ind1="2" ind2="4">
    <subfield code="a">Congregaci&#xF3;n del Oratorio de San Felipe Neri (Ciudad de M&#xE9;xico)</subfield>
    <subfield code="x">Iconograf&#xED;a - Historia</subfield>
    <subfield code="9">4201</subfield>
  </datafield>
  <datafield tag="740" ind1="0" ind2=" ">
    <subfield code="a">Pintura mexicana : siglos XVIII y XIX</subfield>
  </datafield>
  <datafield tag="942" ind1=" " ind2=" ">
    <subfield code="2">lcc</subfield>
    <subfield code="c">B</subfield>
  </datafield>
  <datafield tag="999" ind1=" " ind2=" ">
    <subfield code="c">1147</subfield>
    <subfield code="d">1147</subfield>
  </datafield>
  <datafield tag="952" ind1=" " ind2=" ">
    <subfield code="0">0</subfield>
    <subfield code="1">0</subfield>
    <subfield code="4">0</subfield>
    <subfield code="7">0</subfield>
    <subfield code="a">BRCA</subfield>
    <subfield code="b">BRCA</subfield>
    <subfield code="d">2008-06-26</subfield>
    <subfield code="l">0</subfield>
    <subfield code="o">ND1312 .A95 1955</subfield>
    <subfield code="p">01779</subfield>
    <subfield code="r">2019-03-22 00:00:00</subfield>
    <subfield code="w">2019-03-22</subfield>
    <subfield code="y">B</subfield>
  </datafield>
</record>
